000 00732nam a2200217Ia 4500
003 OSt
005 20221007071059.0
006 a|||||r|||| 00| 0
007 ta
008 221006b |||||||| |||| 00| 0 eng d
024 _a22,204
037 _cReference Collections
040 _aFLL
_cFLL
_beng
041 _2eng
_aeng
082 _aZ236:881qm:2, F8 H2.3
245 0 _aRules and orders of the high court of judicature at Lahore
260 _aLahore
_bSuperintendent, Government Printing Press Pakistan
_c1942
300 _avi,31,2,6,3,9,9,12,6,14,4,25,3,7,31,20,27,23,18,2,16,23,25,22,5,10,9,6,9,5,lvi
_ccm.
942 _hZ236:881qm:2, F8 H2.3
_cREF
_2CC
999 _c1142388
_d1142388